Statistics for Jazz Band Instruments

Click here to take the quiz!

General Stats

  • This quiz has been taken 113 times
    (86 since last reset)
  • The average score is 9 of 19

Answer Stats

Answer% Correct
Bass (Acoustic or Electric)
91%
Drum Kit
86%
Piano
76%
Electric Guitar
72%
Clarinet
46%
Baritone Saxophone
45%
Bass Trombone
42%
1st Trumpet
37%
2nd Trumpet
37%
1st Trombone
36%
2nd Trombone
36%
3rd Trumpet
36%
1st Alto Saxophone
34%
1st Tenor Saxophone
34%
2nd Alto Saxophone
34%
2nd Tenor Saxophone
34%
3rd Trombone
34%
4th Trumpet
34%
Vibraphone
16%

Score Distribution

Percentile by Number Answered

Percent of People with Each Score

Your Score History

You have not taken this quiz since the last reset